| 000 | 00925nam a22002177a 4500 | ||
|---|---|---|---|
| 005 | 20180529131108.0 | ||
| 010 | _aB-680880-891 | ||
| 020 |
_a9788123021300 _c2480.00 |
||
| 035 | _aB-680880-891 | ||
| 037 |
_bBookwell _adpl |
||
| 082 | _a954.56 | ||
| 245 |
_aThe art and interiors of Rashtrapati Bhawan : _cedited by Partha Mitter [and] Naman P. Ahuja _blutyens and beyond / |
||
| 260 |
_c2016 _aNew Delhi _bPublication Division, Govt. Of India |
||
| 270 |
_a24/4800,Ansari Road , Daraya Ganj , _bNew Delhi _e110002 |
||
| 300 |
_c29cm(Hb) _a334p.: _bill. (col. pic.) |
||
| 500 | _aIncludes bibliographical references and index | ||
| 700 | _aMitter, Partha | ||
| 700 | _aAhuja, Naman P. | ||
| 942 |
_cEN _2ddc _mART _h954.56 |
||
| 999 |
_c152351 _d152351 |
||